Community-based natural resource management: (Record no. 7334)

MARC details
000 -LEADER
fixed length control field 01144 a2200289 4500
005 - DATE AND TIME OF LATEST TRANSACTION
control field 2008092508258.0
008 - FIXED-LENGTH DATA ELEMENTS--GENERAL INFORMATION
fixed length control field 080925t xxu||||| |||| 00| 0 eng d
010 ## - LCCN (DPL NO)
LC control number ENG-87894
020 ## - INTERNATIONAL STANDARD BOOK NUMBER
International Standard Book Number 9788178297354
Terms of availability 450.00
035 ## - SYSTEM CONTROL NUMBER
System control number EN-71427
037 ## - SOURCE OF ACQUISITION
Source of stock number/acquisition DBAD / PUB
082 ## - DEWEY DECIMAL CLASSIFICATION NUMBER
Classification number 333.70954
245 ## - TITLE STATEMENT
Title Community-based natural resource management:
Remainder of title issues and cases from South Asia/
Statement of responsibility, etc by Ajit Menon ... [et al]
260 ## - PUBLICATION, DISTRIBUTION, ETC. (IMPRINT)
Place of publication, distribution, etc New Delhi
Name of publisher, distributor, etc Sage Publications
Date of publication, distribution, etc 2007
270 ## - ADDRESS
Address B1/11, Mohan Cooperative Inudstrial Area, Mathura Road,
City New Delhi :
Postal code 110 044
300 ## - PHYSICAL DESCRIPTION
Extent xv, 362p.
Dimensions 22cm (pbk )
500 ## - GENERAL NOTE
General note Includes bibliographical references and index
650 ## - SUBJECT ADDED ENTRY--TOPICAL TERM
Topical term or geographic name as entry element Natural resources
General subdivision Co-management
Geographic subdivision South Asia
700 ## - ADDED ENTRY--PERSONAL NAME
Personal name Menon, Ajit
700 ## - ADDED ENTRY--PERSONAL NAME
Personal name Praveen Singh
700 ## - ADDED ENTRY--PERSONAL NAME
Personal name Shah, Esha
700 ## - ADDED ENTRY--PERSONAL NAME
Personal name Sharachchandra Lele
700 ## - ADDED ENTRY--PERSONAL NAME
Personal name Paranjape, Suhas
700 ## - ADDED ENTRY--PERSONAL NAME
Personal name Joy, K.J.
942 ## - ADDED ENTRY ELEMENTS (KOHA)
Institution code [OBSOLETE] dpl
Item type English Books
Call number prefix 333.70954 / MEN
Source of classification or shelving scheme Dewey Decimal Classification
Classification part 333.70954
Call number suffix MEN
Holdings
Withdrawn status Lost status Source of classification or shelving scheme Damaged status Not for loan Collection code Home library Current library Date acquired Cost, normal purchase price Total Checkouts Full call number Barcode Date last seen Copy number Cost, replacement price Koha item type
    Dewey Decimal Classification   Not For Loan Non-fiction D.B.Act.Division D.B.Act.Division 25/09/2008 450.00   333.70954 MEN EN-71427 15/09/2008 1 450.00 English Books

© Delhi Public Library
Hit Counter
free hit counter